ბათუმის შოთა რუსთაველის სახელმწიფო უნივერსიტეტის ბიბლიოთეკა

ჩემი ასავალ-დასავალი : (ბიბ.ჩანაწერი № 40511)

000 -ლიდერი
ფიქსირებული სიგრძის საკონტროლო ველი 01204nam a2200253Ia 4500
001 - საკონტროლო ნომერი
საკონტროლო ველი 7122
003 - საკონტროლო ნომრის იდენტიფიკატორი
საკონტროლო ველი GE_BSU
005 - ბოლო ოპერაციის თარიღი და დრო
საკონტროლო ველი 20230919171941.0
008 - ფიქსირებული სიგრძის მონაცემთა ელემენტები - ზოგადი ინფორმაცია
ფიქსირებული სიგრძის საკონტროლო ველი 181216s2011||||ge |||||||||||||| ||geo||
020 ## - წიგნის საერთაშორისო სტანდარტული ნომერი
International Standard Book Number 9789941193156
040 ## - კატალოგიზაციის წყარო
Transcribing agency GE_BSU
041 ## - ენის კოდი
Language code of text/sound track or separate title geo
080 ## - უნივერსალური ათობითი კლასიფიკაციის ინდექსი
Universal Decimal Classification number 821.353.1+821.353.1-32 ი-72
100 ## - მთავარი ჩანაწერი - პიროვნების სახელი
Personal name იოსელიანი, ოტია
9 (RLIN) 19848
245 ## - ცნობა სათაურის შესახებ
Title ჩემი ასავალ-დასავალი :
Remainder of title იოგრაფიულიავტობ მოთხრობები /
Statement of responsibility, etc ოტია იოსელიანი ; სარედ.ჯგუფი : ზურაბ აბაშიძე, მანანა ჯანელიძე, ირმა ხარშილაძე.
264 ## - წარმოების, გამოცემის, დისტრიბუციის და სხვა ცნობები
გამოცემის, წარმოების, დისტრიბუციის... ადგილი თბილისი :
გამოცემის, წარმოების, დისტრიბუციის... სახელწოდება პალიტრა L,
გამოცემის, წარმოების, დისტრიბუციის... თარიღი 2011.
300 ## - ფიზიკური აღწერა
Extent 400 გვ. :
Other physical details ფოტო-პორტრეტი ;
Dimensions 20 სმ.
490 ## - სერიის ცნობა
Series statement ჩემი რჩეული
Volume number/sequential designation ტ 23
International Standard Serial Number ISSN 2233- 3037
653 ## - INDEX TERM--UNCONTROLLED
Uncontrolled term ავტობიოგრაფიული მოთხრობები
653 ## - INDEX TERM--UNCONTROLLED
Uncontrolled term მოთხრობები
653 ## - INDEX TERM--UNCONTROLLED
Uncontrolled term ჩემი ასავალ-დასავალი
942 ## - ADDED ENTRY ELEMENTS (KOHA)
Koha item type წიგნი
Source of classification or shelving scheme
ეგზემპლარები
ჩამოწერის სტატუსი დაკარგული ეგზემპლარის სტატუსი კლასიფიკაციის წყარო ან თაროზე გაწყობის სქემა დაზიანების სტატუსი არ გაიცემა მუდმივი მდებარეობა (დაცვის ადგილი) ამჟამინდელი ადგილსამყოფელი თაროზე განთავსების ადგილი შეძენის თარიღი ღირებულება, შესყიდვის ნორმალური ფასი სრული შენახვის შიფრი შტრიხკოდი ბოლო ოპერაციის თარიღი ეგზემპლარის მიმდევრობითი ნომერი (კეტერი?) ფასის ძალაში შესვლის თარიღი ეგზემპლარის სახეობა საჯარო შენიშვნა
          ბათუმის შოთა რუსთაველის სახელმწიფო უნივერსიტეტის მთავარი ბიბლიოთეკა ბათუმის შოთა რუსთაველის სახელმწიფო უნივერსიტეტის მთავარი ბიბლიოთეკა წიგნსაცავი 2018-12-17 8.00 821.353.1+821.353.1-32 ი-72 22666 2018-12-17 22666 2018-12-17 წიგნი 8.00 ₾.
          ბათუმის შოთა რუსთაველის სახელმწიფო უნივერსიტეტის მთავარი ბიბლიოთეკა ბათუმის შოთა რუსთაველის სახელმწიფო უნივერსიტეტის მთავარი ბიბლიოთეკა წიგნსაცავი 2018-12-17 8.00 821.353.1+821.353.1-32 ი-72 22667 2018-12-17 22667 2018-12-17 წიგნი 8.00 ₾.
          ბათუმის შოთა რუსთაველის სახელმწიფო უნივერსიტეტის მთავარი ბიბლიოთეკა ბათუმის შოთა რუსთაველის სახელმწიფო უნივერსიტეტის მთავარი ბიბლიოთეკა წიგნსაცავი 2018-12-17 8.00 821.353.1+821.353.1-32 ი-72 22668 2018-12-17 22668 2018-12-17 წიგნი 8.00 ₾.